Obchodné podnikanie prípadové štúdie
Salvato in:
| Autore principale: | |
|---|---|
| Ente Autore: | |
| Altri autori: | , , |
| Natura: | Libro |
| Lingua: | slovacco |
| Pubblicazione: |
Bratislava
Vydavateľstvo EKONÓM
2001
|
| Soggetti: | |
| Tags: |
Nessun Tag, puoi essere il primo ad aggiungerne!!
|
MARC
| LEADER | 00000nam a2200000 4500 | ||
|---|---|---|---|
| 001 | c124631 | ||
| 005 | 20221124101933.4 | ||
| 020 | |a 80-225-1386-5 | ||
| 041 | 0 | |a slo | |
| 044 | |a SK | ||
| 245 | 1 | 0 | |a Obchodné podnikanie |b prípadové štúdie |c Elena Strážovská a kolektív |
| 264 | 1 | |a Bratislava |b Vydavateľstvo EKONÓM |c 2001 | |
| 300 | |a 261 s. | ||
| 610 | 2 | 0 | |a podnikanie obchodné |
| 610 | 2 | 0 | |a štúdie prípadové |
| 610 | 2 | 0 | |a plánovanie |
| 610 | 2 | 0 | |a plán podnikateľský |
| 610 | 2 | 0 | |a financovanie podnikov |
| 610 | 2 | 0 | |a podnikanie malé |
| 610 | 2 | 0 | |a podnikanie stredné |
| 610 | 2 | 0 | |a služby bankové |
| 610 | 2 | 0 | |a ochrana spotrebiteľa |
| 610 | 2 | 0 | |a poradcovia |
| 100 | 1 | |a Strážovská, Helena | |
| 700 | 1 | |a Strážovská, Ľubomíra | |
| 700 | 1 | |a Pachingerová, Mária | |
| 700 | 1 | |a Eliašová, Darina | |
| 710 | 2 | |a Ekonomická univerzita v Bratislave. Obchodná fakulta | |